| 000 | 00606nam a2200217 a 4500 | ||
|---|---|---|---|
| 999 |
_c7206 _d7206 |
||
| 001 | 7206 | ||
| 003 | BD-JhCC | ||
| 005 | 20180207132651.0 | ||
| 008 | 180206s2006 bg a|||| || | 001 0 eng d | ||
| 035 | _a(BD-JhCC)7206 | ||
| 040 |
_aBD-JhCC _dBD-JhCC |
||
| 041 | _aeng | ||
| 082 |
_a954.92 _bHOS 2006 |
||
| 100 | _aHossain, Md. Mosharraf | ||
| 245 |
_aMainamati-Lalmai : _bAnecdote to History / _cMd. Mosharraf Hossain, |
||
| 260 |
_aDhaka : _bদিব্য প্রকাশনী, _c2006 |
||
| 300 |
_a88 p. : _c24 cm. |
||
| 650 |
_aharitage Place _zBangladesh |
||
| 942 |
_2ddc _cBK |
||